000 00575nam a2200181Ia 4500
005 20250326125541.0
008 250326s9999 xx 000 0 und d
037 _aTextbook
040 _aFMSL
_beng
_cFMSL
041 _aeng
_2eng
084 _aT:3(X:996) J4
_qFMSL
100 _aMinistry OF Labour And National Service
_9739284
245 0 _aTraining of supervisors
_cMinistry OF Labour And National Service
260 _aLondon
_bLondon, Her Majesty's Stationery Office
_c1954
300 _a55p
942 _cTB
_hT:3(X:996) J4
999 _c1278540
_d1278540